Modelling transport (Record no. 1419)

000 -LEADER
fixed length control field 00783nam a22002414a 4500
001 - CONTROL NUMBER
control field 1419
003 - CONTROL NUMBER IDENTIFIER
control field BD-DhUET
008 - FIXED-LENGTH DATA ELEMENTS--GENERAL INFORMATION
fixed length control field 010426s2001 enka b 001 0 eng
020 ## - INTERNATIONAL STANDARD BOOK NUMBER
International Standard Book Number 0471861103
040 ## - CATALOGING SOURCE
Original cataloging agency DLC
Transcribing agency DLC
Modifying agency BD-DhUET
082 00 - DEWEY DECIMAL CLASSIFICATION NUMBER
Classification number 388
Item number ORT/2001
100 ## - MAIN ENTRY--PERSONAL NAME
Personal name Ortuzar, Juan de Dios
245 10 - TITLE STATEMENT
Title Modelling transport
Statement of responsibility, etc. by Juan de Dios Ortúzar and Luis G. Willumsen
250 ## - EDITION STATEMENT
Edition statement 3rd ed.
260 ## - PUBLICATION, DISTRIBUTION, ETC. (IMPRINT)
Place of publication, distribution, etc. New York
Name of publisher, distributor, etc. John Wiley & Sons
Date of publication, distribution, etc. 2001
300 ## - PHYSICAL DESCRIPTION
Extent xiii, 499 p.
Other physical details ill.
Dimensions 25 cm.
504 ## - BIBLIOGRAPHY, ETC. NOTE
Bibliography, etc Includes bibliographies
650 #0 - SUBJECT ADDED ENTRY--TOPICAL TERM
Topical term or geographic name as entry element Transportation-Planning-Mathematical models
700 1# - ADDED ENTRY--PERSONAL NAME
Personal name Willumsen, Luis G.
942 ## - ADDED ENTRY ELEMENTS (KOHA)
Koha item type General Book
856 42 - ELECTRONIC LOCATION AND ACCESS
Uniform Resource Identifier http://www.loc.gov/catdir/description/wiley034/2001024905.html
856 41 - ELECTRONIC LOCATION AND ACCESS
Uniform Resource Identifier http://www.loc.gov/catdir/toc/wiley021/2001024905.html
Holdings
Location (home branch) Lost status Koha date last seen Koha item type Shelving location Not for loan Withdrawn status Date acquired Sublocation or collection (holding branch) Koha normalized classification for sorting Copy number Piece designation (barcode) Source of classification or shelving scheme Koha full call number Damaged status Price effective from
Central Library, BUET 2014-09-07General BookCirculation section  2014-09-07Central Library, BUET388_000000000000000_ORT_20011106927 388/ORT/2001 2014-09-07
Central Library, BUET 2014-09-07General BookCirculation section  2014-09-07Central Library, BUET388_000000000000000_ORT_20012106928 388/ORT/2001 2014-09-07
Central Library, BUET 2014-10-29General BookCirculation section  2014-10-29Central Library, BUET388_000000000000000_ORT_20013103221 388/ORT/2001 2014-10-29
Central Library, BUET 2014-11-02General BookCataloging section  2014-11-02Central Library, BUET388_000000000000000_ORT_20014103220 388/ORT/2001 2014-11-02